[Event "Sachsen-ch Seniors op"]
[Site "Dresden"]
[Date "2016.11.04"]
[Round "5"]
[White "Meissner, Ulrich"]
[Black "Portsch, Claudius"]
[Result "0-1"]
[WhiteElo "1245"]
[BlackElo "1682"]
[PlyCount "73"]
[EventDate "2016.10.31"]
[EventType "swiss"]
[EventRounds "9"]
[EventCountry "GER"]
[SourceTitle "EXT 2019"]
[Source "ChessBase"]
[SourceDate "2018.10.10"]
[SourceVersion "1"]
[SourceVersionDate "2018.10.10"]
[SourceQuality "1"]

1. e4 d6 2. d4 Nd7 3. Nf3 Nb6 4. h3 g6 5. c3 Bg7 6. Bf4 Nf6 7. Bd3 0-0 8. Qd2 Re8 9. Bh2 Nfd7 10. 0-0 e5 11. a4 a5 12. Na3 Nxa4 13. Nb5 Nab6 14. c4 exd4 15. Rxa5 Rxa5 16. Qxa5 Nc5 17. Rd1 Nxd3 18. Rxd3 Nxc4 19. Qb4 Ne5 20. Nxe5 dxe5 21. f4 b6 22. fxe5 c5 23. Qd2 Bxe5 24. Bxe5 Rxe5 25. Qf4 Qe7 26. Rf3 Rxe4 27. Qxf7+ Qxf7 28. Rxf7 Kxf7 29. Nd6+ Ke6 30. Nxe4 Ke5 31. Nd2 Be6 32. Kf2 Bd5 33. g3 b5 34. Ke2 c4 35. h4 c3 36. bxc3 dxc3 37. Nb1 0-1

[Event "Sachsen-ch Seniors op"]
[Site "Dresden"]
[Date "2016.11.03"]
[Round "4"]
[White "Portsch, Claudius"]
[Black "Jaeger, Hans Ulrich"]
[Result "0-1"]
[WhiteElo "1682"]
[BlackElo "1862"]
[PlyCount "40"]
[EventDate "2016.10.31"]
[EventType "swiss"]
[EventRounds "9"]
[EventCountry "GER"]
[SourceTitle "EXT 2019"]
[Source "ChessBase"]
[SourceDate "2018.10.10"]
[SourceVersion "1"]
[SourceVersionDate "2018.10.10"]
[SourceQuality "1"]

1. e4 e5 2. Nf3 Nc6 3. Bb5 a6 4. Ba4 Nf6 5. 0-0 Be7 6. Re1 b5 7. Bb3 0-0 8. c3 d5 9. exd5 Nxd5 10. Nxe5 Nxe5 11. Rxe5 Nf6 12. d4 Bd6 13. Re1 Ng4 14. g3 Nxh2 15. Kxh2 Qh4+ 16. Kg1 Bxg3 17. fxg3 Qxg3+ 18. Kf1 Bh3+ 19. Ke2 Qg2+ 20. Kd3 Rfe8 0-1